| 000 | 01622nam a22002417a 4500 | ||
|---|---|---|---|
| 001 | 6919 | ||
| 003 | FISKH | ||
| 005 | 20250606140718.0 | ||
| 008 | 250606b cb ||||| |||| 00| 0 eng d | ||
| 020 | _a9789995000967 | ||
| 040 |
_aFISKH _bkhr _cFISKH _dFISKH |
||
| 082 | _a370 | ||
| 100 | _aThy, Yin | ||
| 245 |
_aភាសាខ្មែរ ថ្នាក់ទី១០ / _cលោក យិន ធី ,លោកស្រី អៀ ចាន់នារី , លោកស្រី ម៉ៅ តាន់ណាវី ,លោក ណន ម៉ារ៉ាឌី និងលោក ព្រៃ សំបូរ |
||
| 250 | _aបោះពុម្ពឆ្នាំ២០១៩ | ||
| 260 |
_aភ្នំពេញ : _bគ្រឺះស្ថានបោះពុម្ពនិងចែកផ្សាយ , _c២០១៩ . |
||
| 300 |
_a252 pages : _billustrations ; _c25 cm . |
||
| 520 | _aសៀវភៅភាសាខ្មែរ ថ្នាក់ទី ១០ ត្រូវបានរៀបចំឡើងសម្រាប់សិស្សថ្នាក់ទី ១០ ដើម្បីអភិវឌ្ឍចំណេះដឹង និងជំនាញភាសាខ្មែរ។ | ||
| 520 | _aសៀវភៅភាសាខ្មែរ ថ្នាក់ទី ១០ ត្រូវបានរៀបចំឡើងសម្រាប់សិស្សថ្នាក់ទី ១០ ដើម្បីអភិវឌ្ឍចំណេះដឹង និងជំនាញភាសាខ្មែរ។ | ||
| 700 |
_aTongbotta, Seng _eIllustrator |
||
| 942 |
_2ddc _cKHB _n0 |
||
| 999 |
_c6919 _d6919 |
||